| 000 | 00570nam a22001337a 4500 | ||
|---|---|---|---|
| 999 |
_c80375 _d80375 |
||
| 008 | 201130b ||||| |||| 00| 0 eng d | ||
| 040 |
_bger _cSTAFF _erda _aISIL EINTRAGEN |
||
| 245 |
_aBäume fallen, um Orchideen zu retten: _bNaturschutz: Stadtverordnete lehnen einen Antrag zum Stopp von Fällungen im Oberen Klingetal ab/ _cthg |
||
| 773 |
_dFrankfurt (Oder): Märkisches Verlags- und Druckhaus GmbH & Co KG _g31. Jahrgang (2020) Nr. 287 vom 09.12.2020, S. 15 _tMärkische Oderzeitung |
||
| 942 | _cA | ||